=LDR 00000nam 2200000 4500 =001 INLIS000000000008798 =005 20130612100626 =008 ***********************************Ind** =035 ##$$0010-061300000008798 =041 ##$$a Ind =082 ##$$a 371.9 =090 ##$$a 371.9, Akb k =100 ##$$a Akbar, Hawadi, Reni =245 ##$$a Kreatifitas, Panduan Bagi Penyelenggaraan Program Percepat Belajar, reni Akbar Hawadi =260 ##$$a 2001 $b Jakarta =300 ##$$a xii, 48 hlm, 21 cm =650 ##$$a Anak Berbakat